ARRUPE JESUIT UNIVERSITY

CORONAVIRUS -STOP THE SPREAD - CLEAN,DISINFECT,COVER

The relevance and application of due process to canonical penal trails (Record no. 124666)

MARC details
000 -LEADER
fixed length control field 00577nam a22001577a 4500
005 - DATE AND TIME OF LATEST TRANSACTION
control field 20160503105002.0
008 - FIXED-LENGTH DATA ELEMENTS--GENERAL INFORMATION
fixed length control field 160420b xxu||||| |||| 00| 0 eng d
050 ## - LIBRARY OF CONGRESS CALL NUMBER
Classification number BX1939.P4034
100 ## - MAIN ENTRY--PERSONAL NAME
Personal name Ogbuagu, Chidiebere Evaristus
9 (RLIN) 23985
245 ## - TITLE STATEMENT
Title The relevance and application of due process to canonical penal trails
Remainder of title a systematic and pastoral study
Statement of responsibility, etc by Ogbuagu, Chidiebere Evaristus
260 ## - PUBLICATION, DISTRIBUTION, ETC. (IMPRINT)
Place of publication, distribution, etc Rome
Name of publisher, distributor, etc Pontificia Universitas Urbaniana
Date of publication, distribution, etc 2007
300 ## - PHYSICAL DESCRIPTION
Extent xiii, 284p.;
Dimensions 24cm.
500 ## - GENERAL NOTE
General note Thesis
650 ## - SUBJECT ADDED ENTRY--TOPICAL TERM
Topical term or geographic name as entry element Panel code
General subdivision Canon Law
9 (RLIN) 23986
942 ## - ADDED ENTRY ELEMENTS (KOHA)
Source of classification or shelving scheme Library of Congress Classification
Item type Monograph ( Printed materials)
Holdings
Withdrawn status Lost status Source of classification or shelving scheme Damaged status Not for loan Collection code Home library Current library Shelving location Date acquired Total Checkouts Full call number Barcode Date last seen Price effective from Koha item type
    Library of Congress Classification     Main Collection ARRUPE LIBRARY ARRUPE LIBRARY Main Collection 20/04/2016   BX1939.P4O34 46500006924 22/11/2017 20/04/2016 Monograph ( Printed materials)

 

Arrupe Library. PO Box MP320 Mt Pleasant, Harare, Zimbabwe
263 242 745411|librarian@aju.ac.zw